000 00498nam a2200181Ia 4500
005 20260429111939.0
008 260429s9999||||xx |||||||||||||| ||und||
020 _a9789356069329
041 _aEnglish
082 _a006.3
_bTHA
100 _aThareja, Reema
245 0 _aArtificial intelligence :
_bbeyond classical AI /
_cReema Thareja
260 _aIndia :
_bPearson,
_c2023.
300 _axv, 612 p.; pbk
650 _a Artificial intelligence
650 _aComputer science
942 _cTB
999 _c51566
_d51566